000
00323nam a22001457a 4500
008
231124b ||||| |||| 00| 0 eng d
020
_a
9780140094862
041
_a
eng
080
_a
618
082
_a
618ROT
100
_a
15
101
_a
GJINEK
245
_a
THE TENTATIVE PREGNANCU
_c
ROTHMAN .K.B
942
_2
udc
_c
BK
999
_c
60518
_d
60518